000
00305nam a2200109Ia 4500
008
221102s9999 xx 000 0 und d
041
_a
eng
082
_b
Pau
100
_a
Paul D .S
_9
95142
245
_a
101 Essays for College & Competitive Examinations
260
_b
Choise International
_c
1905-07-09
999
_c
82278
_d
82278